Algunas observaciones sobre los desastres de la Marina española en la guerra con los Estados Unidos en el año de 1898 / (Record no. 164234)

MARC details
000 -LEADER
campo de control de longitud fija 01043nam a22002055i 4500
001 - NÚMERO DE CONTROL
campo de control 164234
003 - IDENTIFICADOR DE NÚMERO DE CONTROL
campo de control ES-MaACL
005 - FECHA Y HORA DE LA ÚLTIMA TRANSACCIÓN
campo de control 20230906212910.0
008 - DATOS DE LONGITUD FIJA--INFORMACIÓN GENERAL
campo de control de longitud fija 951113s1898 sp f |||| | spa d
100 1# - ENTRADA PRINCIPAL--NOMBRE DE PERSONA
Nombre de persona Saavedra y Magdalena, Carlos.
9 (RLIN) 132245
245 10 - MENCIÓN DEL TÍTULO
Título Algunas observaciones sobre los desastres de la Marina española en la guerra con los Estados Unidos en el año de 1898 /
Mención de responsabilidad, etc. por Carlos Saavedra y Magdalena.
260 ## - PUBLICACIÓN, DISTRIBUCIÓN, ETC.
Lugar de publicación, distribución, etc. El Ferrol :
Nombre del editor, distribuidor, etc. [s.n.],
Fecha de publicación, distribución, etc. 1898 (
Fabricante Imp. de "El Correo gallego")
300 ## - DESCRIPCIÓN FÍSICA
Extensión 59 p., [3] h. pleg. de lám. ;
Dimensiones 23 cm.
530 ## - NOTA DISPONIBLE DE FORMULARIO FÍSICO ADICIONAL
Nota de formato físico adicional disponible Disponible en formato digital.
650 #4 - PUNTO DE ACCESO ADICIONAL DE MATERIA--TÉRMINO DE MATERIA
Término de materia o nombre geográfico como elemento de entrada Guerra hispano-americana, 1898-
Subdivisión general Operaciones navales.
9 (RLIN) 156352
650 #4 - PUNTO DE ACCESO ADICIONAL DE MATERIA--TÉRMINO DE MATERIA
Término de materia o nombre geográfico como elemento de entrada Barcos de guerra-
Subdivisión geográfica España-
Subdivisión cronológica S.XIX.
9 (RLIN) 150765
650 #4 - PUNTO DE ACCESO ADICIONAL DE MATERIA--TÉRMINO DE MATERIA
Término de materia o nombre geográfico como elemento de entrada Barcos de guerra-
Subdivisión geográfica Estados Unidos.
9 (RLIN) 171550
852 ## - LOCALIZACIÓN
Ubicación ES-MaACL
Número de control de estantería T-849-F-13
Nota libre - Enc. hol., conservando cub. original
-- - Donativo del autor
-- - Falto de una h. pleg.
-- - Enc. en un vol. facticio
856 ## - LOCALIZACIÓN Y ACCESO ELECTRÓNICOS
Identificador Uniforme de Recursos <a href="http://bdh-rd.bne.es/viewer.vm?id=0000067329&page=1 ">http://bdh-rd.bne.es/viewer.vm?id=0000067329&page=1 </a>
Nota pública Biblioteca Digital Hispánica
Holdings
Estatus retirado Estado de pérdida Estado de daño No para préstamo Colección Biblioteca de origen Biblioteca actual Ubicación en estantería Fecha de adquisición Total de préstamos Signatura topográfica completa Código de barras Visto por última vez Precio de reemplazo Tipo de ítem Koha
        Colección de folletos Biblioteca del Ateneo de Madrid Biblioteca del Ateneo de Madrid Depósito folletos 17/01/2008   T-849-F-13 1172135 23/02/2023 23/02/2023 Folleto